Часть 1; Материаловедение специальных сталей и сплавов
| Parent link: | Материаловедение специальных сталей и сплавов: учебное пособие/ А. И. Слосман, Е. А. Даренская, Б. Б. Овечкин; Национальный исследовательский Томский политехнический университет (ТПУ). Ч. 1.— , 2011 |
|---|---|
| 總結: | Заглавие с титульного экрана В пособии излагаются общие представления о влиянии легирующих элементов на превращения, структуру и свойства стали; рассмотрены роль и влияние конкретных легирующих элементов в стали. Структура пособия позволяет разносторонне осветить вопросы легирования и применения легированных сталей. Пособие предназначено для студентов высших учебных заведений, обучающихся по направлению 150100 «Материаловедение и технологии материалов», а также для работников, специализирующихся в области материаловедения Режим доступа: из корпоративной сети ТПУ |
| 語言: | 俄语 |
| 出版: |
Томск, Изд-во ТПУ, 2011
|
| 主題: | |
| 在線閱讀: | http://www.lib.tpu.ru/fulltext2/m/2011/m450.pdf |
| 格式: | 電子 圖書 |
| KOHA link: | https://koha.lib.tpu.ru/cgi-bin/koha/opac-detail.pl?biblionumber=205758 |
MARC
| LEADER | 00000nlm2a2200000 4500 | ||
|---|---|---|---|
| 001 | 205758 | ||
| 005 | 20231031190538.0 | ||
| 035 | |a (RuTPU)RU\TPU\book\224244 | ||
| 090 | |a 205758 | ||
| 100 | |a 20111214d2011 m y0rusy50 ca | ||
| 101 | 0 | |a rus | |
| 102 | |a RU | ||
| 105 | |a a j 001zy | ||
| 135 | |a drcn ---uucaa | ||
| 181 | 0 | |a i | |
| 182 | 0 | |a b | |
| 200 | 0 | |a Часть 1 |b Электронный ресурс | |
| 203 | |a Текст |c электронный | ||
| 210 | |a Томск |c Изд-во ТПУ |d 2011 | ||
| 230 | |a 1 компьютерный файл (pdf; 4.3 MB) | ||
| 300 | |a Заглавие с титульного экрана | ||
| 330 | |a В пособии излагаются общие представления о влиянии легирующих элементов на превращения, структуру и свойства стали; рассмотрены роль и влияние конкретных легирующих элементов в стали. Структура пособия позволяет разносторонне осветить вопросы легирования и применения легированных сталей. Пособие предназначено для студентов высших учебных заведений, обучающихся по направлению 150100 «Материаловедение и технологии материалов», а также для работников, специализирующихся в области материаловедения | ||
| 333 | |a Режим доступа: из корпоративной сети ТПУ | ||
| 337 | |a Adobe Reader | ||
| 461 | 1 | |0 (RuTPU)RU\TPU\book\224241 |t Материаловедение специальных сталей и сплавов |o учебное пособие |f А. И. Слосман, Е. А. Даренская, Б. Б. Овечкин |g Национальный исследовательский Томский политехнический университет (ТПУ) |v Ч. 1 |d 2011 | |
| 610 | 1 | |a электронный ресурс | |
| 610 | 1 | |a учебные пособия | |
| 610 | 1 | |a труды учёных ТПУ | |
| 610 | 1 | |a материаловедение | |
| 610 | 1 | |a стали | |
| 610 | 1 | |a углеродистые стали | |
| 610 | 1 | |a легирующие элементы | |
| 610 | 1 | |a легированные стали | |
| 610 | 1 | |a легирование | |
| 801 | 2 | |a RU |b 63413507 |c 20111214 |g RCR | |
| 856 | 4 | |u http://www.lib.tpu.ru/fulltext2/m/2011/m450.pdf | |
| 942 | |c CF | ||